|
|
|
|
| LEADER |
01166nam a2200277 a 4500 |
| 001 |
1494737 |
| 008 |
091008s1989 nyua b 001 0 eng d |
| 010 |
|
|
|a \\\88039084
|
| 020 |
|
|
|a 0060435925
|
| 040 |
|
|
|a DLC
|c DLC
|d DLC
|
| 082 |
0 |
0 |
|a 371.3/3
|2 19
|
| 100 |
1 |
|
|a Kemp, Jerrold E.
|
| 245 |
1 |
0 |
|a Planning, producing, and using instructional media /
|c Jerrold E. Kemp, Don C. Smellie ; with the assistance of Ron Carraher, Richard F. Szumski.
|
| 250 |
|
|
|a 6th ed.
|
| 260 |
|
|
|a New York :
|b Harper & Row,
|c c1989.
|
| 300 |
|
|
|a xx, 395 p. :
|b ill. ;
|c 29 cm.
|
| 500 |
|
|
|a Rev. ed. of: Planning and producing instructional media. 5th ed. c1985.
|
| 504 |
|
|
|a Includes bibliographies and index.
|
| 541 |
1 |
|
|e 00005190
|
| 650 |
|
0 |
|a Audio-visual materials.
|
| 650 |
|
0 |
|a Audio-visual equipment.
|
| 700 |
1 |
|
|a Smellie, Don C.
|
| 700 |
1 |
|
|a Kemp, Jerrold E.
|t Planning and producing instructional media.
|
| 852 |
4 |
|
|a Ayesha Abed Library
|j General shelf
|
| 999 |
|
|
|c 4327
|d 4327
|
| 952 |
|
|
|0 0
|1 0
|2 ddc
|4 0
|6 371_330000000000000_KEM_1989
|7 0
|9 3998
|a BRACUL
|b BRACUL
|c GEN
|d 2009-10-08
|g 0.00
|l 0
|o 371.33 KEM
|p 3010005190
|r 2009-10-08
|t 1
|w 2009-10-08
|y BK
|x No price found in the accession register.
|